Geography Quiz

Random Geography or Asia Quiz

Asian Clickable Capital Match Quiz Stats

 Plays Quiz Updated Jul 21, 2014

Also try: Countries of Asia
Challenge
Share
Tweet
Score 0/49 Timer 05:00
3 Plays Today
% Correct
Beijing
96.7%
Tokyo
95.9%
Moscow
95.6%
Jerusalem
94.8%
New Delhi
94.8%
Seoul
94.7%
Kuwait City
94.6%
Bangkok
93.8%
Baghdad
93.7%
Singapore
92.5%
Tehran
89.3%
Manila
89.3%
Hanoi
88.8%
Pyongyang
88.6%
Taipei
87.6%
Jakarta
87.2%
Ankara
87%
Kabul
86.5%
Kuala Lumpur
85.1%
Abu Dhabi
84.9%
Damascus
84.9%
Islamabad
83.7%
Beirut
83.5%
Kathmandu
81.3%
Phnom Penh
79.3%
% Correct
Riyadh
78.7%
Sri Jayawardenepura Kotte
73.3%
Ulaanbaatar
70.9%
Amman
68.9%
Tbilisi
63%
Doha
62.6%
Muscat
61.3%
Dhaka
58.8%
Ramallah
57.6%
Male
53.2%
Baku
52.7%
Vientiane
51.9%
Sana'a
51.4%
Astana
50.2%
Bishkek
46.9%
Bandar Seri Begawan
46.4%
Yerevan
46.2%
Tashkent
43%
Naypyidaw
42.3%
Dili
42.1%
Thimphu
39.6%
Manama
37.2%
Ashgabat
34%
Dushanbe
29.6%

You're not logged in!

Compare scores with friends on all Sporcle quizzes.
Join for Free
OR
Log In

You Might Also Like...

Show Comments

Extras

Top Quizzes Today


Score Distribution

Your Account Isn't Verified!

In order to create a playlist on Sporcle, you need to verify the email address you used during registration. Go to your Sporcle Settings to finish the process.

Report this User

Report this user for behavior that violates our Community Guidelines.

Details: